| 000 | 00576nam a2200193Ia 4500 | ||
|---|---|---|---|
| 005 | 20260120131812.0 | ||
| 008 | 008 260114s9999 xx 000 0 eng d | ||
| 020 | _a9780197723166 | ||
| 037 | _aEBOOK | ||
| 040 |
_aCRL _beng _cCRL |
||
| 041 |
_aeng _2eng |
||
| 084 | _qCRL | ||
| 100 |
_aHarper _9931375 |
||
| 245 | 0 | _aAre We Not Men?: Masculine Anxiety and the Problem of African-American Identity | |
| 260 |
_bOxford University PressOxford University Press _c2023 |
||
| 856 | _uhttps://academic.oup.com/book/48471 | ||
| 942 | _cEBOOK | ||
| 999 |
_c1523297 _d1523297 |
||